000 00667nmc a2200265 a 4500
003 AR-BaBNM
005 20251128210850.0
008 261020s1999 ||||||||||||||000 | spa||
020 _a84-264-2756-1
040 _cAR-BaBNM
100 1 _aRilke, Rainer Maria
_d1875-1926
245 1 0 _aEl libro de horas
250 _a4ª ed.
260 _aBarcelona
_bLumen
_c1999
300 0 _a225 p.
490 0 _aPoesía
_vv. 56
650 4 _aPOESIA
650 4 _aLITERATURA CONTEMPORANEA
653 0 _aLITERATURA CHECA
653 0 _aINFLUENCIA CLASICA
655 _aLITERATURA
700 1 _aBermúdez-Cañete, Federico
_etraductor
942 _cBK
998 _cMARTIN
999 _c17217
_d17217